00528nam a22001572 4500001001100000005001700011008004100028020002700069040001500096100003400111245006000145260003700205300001800242650004100260650006900301000000878220151217152041.0080603s xx 000 0 eng d a0679781781 :cKES 1490 aKABUcKABU1 aSampson, Anthony.@000007429010aMandela :bthe authorized biography /cAnthony Sampson. aNew York :bRandom House,c1999. axxvi, 672 p. 0aMandela, Nelson, 1918 -.@0000159494 0aSouth AfricaxPolitics and governmenty20th century.@0000159495